000 00566nam a2200205Ia 4500
001 1357
003 GE_BSU
008 181216s||||||||xx |||||||||||||| ||und||
040 _cGE_BSU
080 _a581.13:631.1655
245 _aФизология фотосинтеза.
245 _bИн-т физиологии растений им. К.А.Тимирязева.
260 _aМосква
260 _bНаука
260 _c1982
300 _a318 с. 21 см.
541 _h8 л.
653 _aФизология фотосинтеза.
942 _cBK
999 _c35497
_d35497